Metódy počítačového videnia na rozpoznávanie rodinnej príslušnosti človeka na základe ucha
Gespeichert in:
| 1. Verfasser: | |
|---|---|
| Weitere Verfasser: | |
| Format: | Manuskript Buch |
| Sprache: | Slowakisch |
| Veröffentlicht: |
Bratislava :
STU v Bratislave FEI,
2024
|
| Schlagworte: | |
| Online-Zugang: | https://opac.crzp.sk/?fn=detailBiblioFormChildGKPK9&sid=24A0BAF10DE628094C78E451EC40&seo=CRZP-detail-kniha |
| Tags: |
Keine Tags, Fügen Sie das erste Tag hinzu!
|
MARC
| LEADER | 00000ntm a22000003a 4500 | ||
|---|---|---|---|
| 001 | stuzp99935 | ||
| 003 | SK-STU | ||
| 005 | 20250430104302.5 | ||
| 007 | ta | ||
| 008 | 150427s2015----xo-----f-mn---000-0-slo-d | ||
| 040 | |a STU |b slo | ||
| 041 | 0 | |a slo | |
| 044 | |a xo | ||
| 100 | 1 | |a Baranec, Dávid |u 035000 |4 aut |U FEI Fakulta elektrotechniky a informatiky |T FEI Ústav informatiky a matematiky |X 104419 |U E050 |Y 816 |7 104419 | |
| 242 | 0 | 1 | |a Computer vision methods for ear-based human kinship recognition |y eng |
| 245 | 1 | 0 | |a Metódy počítačového videnia na rozpoznávanie rodinnej príslušnosti človeka na základe ucha |
| 260 | |a Bratislava : |b STU v Bratislave FEI, |c 2024 | ||
| 300 | |a 70 s. | ||
| 650 | 4 | |a biometria |2 slo | |
| 650 | 4 | |a rozpoznávanie ucha |2 slo | |
| 650 | 4 | |a strojové učenie |2 slo | |
| 650 | 4 | |a biometrics |2 eng | |
| 650 | 4 | |a ear recognition |2 eng | |
| 650 | 4 | |a machine learning |2 eng | |
| 700 | 1 | |a Oravec, Miloš |u 035000 |k Z1 |4 ths |U FEI Fakulta elektrotechniky a informatiky |T FEI Ústav informatiky a matematiky |X 2036 |U E050 |Y 816 |7 A000002036 | |
| 856 | 4 | |u https://opac.crzp.sk/?fn=detailBiblioFormChildGKPK9&sid=24A0BAF10DE628094C78E451EC40&seo=CRZP-detail-kniha | |